000 00606nam a2200205Ia 4500
005 20250508162058.0
008 008 250505s9999 xx 000 0 eng d
020 _a0-87589-208-6
037 _aTextual
040 _aFEDL
_beng
_cFEDL
041 _aeng
_2eng
084 _a371.26, MIL
_qFEDL
100 _aMiller Richard I
245 0 _aDeveloping programs for faculty evaluation
260 _aSan Francisco
_bJosey - Bass Publishers
_c1974
300 _axi,248p.
650 _aExamination - Texts and Measurement
_9756177
942 _cTEXL
_h371.26, MIL
999 _c1374250
_d1374250